Guide to authentic e learning / (Record no. 194903)

MARC details
000 -LEADER
fixed length control field 00820nam a2200253Ia 4500
003 - CONTROL NUMBER IDENTIFIER
control field OSt
005 - DATE AND TIME OF LATEST TRANSACTION
control field 20260226121257.0
008 - FIXED-LENGTH DATA ELEMENTS--GENERAL INFORMATION
fixed length control field 210716s2014 xx 000 0 und d
020 ## - INTERNATIONAL STANDARD BOOK NUMBER
International Standard Book Number 9780415998000
040 ## - CATALOGING SOURCE
Transcribing agency AIMIT LIBRARY
041 ## - LANGUAGE CODE
Language code of text/sound track or separate title eng
082 ## - DEWEY DECIMAL CLASSIFICATION NUMBER
Classification number 372.4
Edition number 1
Item number HERJ
100 ## - MAIN ENTRY--PERSONAL NAME
Personal name Herrington, Jan.
9 (RLIN) 256810
245 ## - TITLE STATEMENT
Title Guide to authentic e learning /
Statement of responsibility, etc. By Jan Herrington, Thomas C Reeves and Ron Oliver.
250 ## - EDITION STATEMENT
Edition statement 1st ed.
260 ## - PUBLICATION, DISTRIBUTION, ETC.
Place of publication, distribution, etc. New York :
Name of publisher, distributor, etc. Routledge ,
Date of publication, distribution, etc. 2014.
300 ## - PHYSICAL DESCRIPTION
Extent xiv,213p. ;
Other physical details PB
Dimensions 22 cm
650 ## - SUBJECT ADDED ENTRY--TOPICAL TERM
Topical term or geographic name entry element What is authentic e-learning
9 (RLIN) 256811
650 ## - SUBJECT ADDED ENTRY--TOPICAL TERM
Topical term or geographic name entry element How real does authentic e-learning need to be
9 (RLIN) 256812
650 ## - SUBJECT ADDED ENTRY--TOPICAL TERM
Topical term or geographic name entry element Researching authentic e- learning
9 (RLIN) 256813
700 ## - ADDED ENTRY--PERSONAL NAME
Personal name Reeves, Thomas C.
9 (RLIN) 256814
700 ## - ADDED ENTRY--PERSONAL NAME
Personal name Oliver, Ron.
9 (RLIN) 256815
942 ## - ADDED ENTRY ELEMENTS (KOHA)
Source of classification or shelving scheme Dewey Decimal Classification
Koha item type Book
Edition 1st
Call number prefix 372.4 HERJ
Holdings
Withdrawn status Lost status Source of classification or shelving scheme Damaged status Not for loan Collection code Home library Current library Source of acquisition Cost, normal purchase price Inventory number Total Checkouts Full call number Barcode Date last seen Cost, replacement price Price effective from Koha item type
    Dewey Decimal Classification     MCA St Aloysius Institute of Management & Information Technology St Aloysius Institute of Management & Information Technology Knowledge World 425.00 Bill no:182; Bill dt:2016-01-13   372.4 HERJ MCA14411 05/23/2026 318.75 07/16/2021 Book